[Event "Mechanics' Summer TNM; G/2"]
[Site "San Francisco"]
[Date "2015.06.23"]
[Round "5.32"]
[White "Joyce, Ben"]
[Black "Casares Jr, Nick"]
[Result "1/2-1/2"]
[WhiteElo "1388"]
[BlackElo "1600"]
[PlyCount "39"]
[EventDate "2015.??.??"]

1. e4 e5 2. Nf3 Nc6 3. Bb5 a6 4. Bxc6 dxc6 5. Nxe5 Qd4 6. Ng4 Qxe4+ 7. Ne3 Nf6
8. d3 Qe6 9. O-O Be7 10. Re1 O-O 11. Nc4 Qd7 12. Bg5 Qd8 13. Nbd2 Be6 14. Ne4
Nd5 15. Bxe7 Qxe7 16. Qh5 Rad8 17. Ne3 Nf6 18. Nxf6+ Qxf6 19. Ng4 Bxg4 20. Qxg4
{drawn in 43 moves. Remainder of score illegible.} 1/2-1/2

[Event "Mechanics' Summer TNM; G/2"]
[Site "San Francisco"]
[Date "2015.05.26"]
[Round "1.27"]
[White "Joyce, Ben"]
[Black "Lin, Aung Tun"]
[Result "1-0"]
[WhiteElo "1388"]
[BlackElo "1743"]
[PlyCount "69"]
[EventDate "2015.??.??"]

1. e4 c5 2. Nf3 a6 3. Bc4 e6 4. a4 Nc6 5. d3 Qc7 6. O-O h6 7. g3 Nf6 8. Re1 d6
9. d4 cxd4 10. Nxd4 Bd7 11. Nc3 Be7 12. Nxc6 Bxc6 13. f4 h5 14. b4 Qb6+ 15. Kg2
Ng4 16. Qe2 Qxb4 17. Nd5 Qa5 18. Bd2 Qd8 19. Bb4 Rh6 20. h3 Nf6 21. Nxf6+ Bxf6
22. Rad1 Be7 23. Kh2 Qc7 24. f5 O-O-O 25. Qd2 h4 26. Ba5 hxg3+ 27. Kg2 b6 28.
Bxa6+ Bb7 29. Bxb7+ Qxb7 30. Rb1 Rxh3 31. Qc3+ Kd7 32. Rxb6 Rh2+ 33. Kxg3 Qa8
34. Qb4 Rhh8 35. Qb5+ 1-0

[Event "Mechanics' Fall TNM; G/2"]
[Site "San Francisco"]
[Date "2015.11.03"]
[Round "3.2"]
[White "Ke, Ivan"]
[Black "Alvarez, Gil"]
[Result "1/2-1/2"]
[WhiteElo "2112"]
[BlackElo "2003"]
[PlyCount "74"]
[EventDate "2015.??.??"]

1. d4 d5 2. c4 e6 3. Nc3 c6 4. e3 Nf6 5. Nf3 Nbd7 6. Bd3 dxc4 7. Bxc4 b5 8. Bd3
a6 9. O-O c5 10. Ne4 c4 11. Bc2 Bb7 12. Nxf6+ Nxf6 13. Re1 Bb4 14. Bd2 Bxd2 15.
Qxd2 Ne4 16. Qb4 Qe7 17. Qa5 O-O 18. Nd2 Nxd2 19. Qxd2 Qg5 20. f4 Qe7 21. e4
Rfd8 22. Rad1 a5 23. Qf2 Rd7 24. Rd2 Rad8 25. Red1 Qb4 26. Bb1 c3 27. bxc3 Qxc3
28. Qf3 Qxf3 29. gxf3 g6 30. Kf2 f5 31. Ke3 Rc7 32. Rd3 b4 33. a3 Ba6 34. Rb3
Bb5 35. Rg1 Ba4 36. Rd3 Bb5 37. Rb3 Ba4 1/2-1/2

[Event "Mechanics' Fall TNM; G/2"]
[Site "San Francisco"]
[Date "2015.11.17"]
[Round "5.7"]
[White "Ke, Ivan"]
[Black "Drane, Robert W"]
[Result "1/2-1/2"]
[WhiteElo "2112"]
[BlackElo "1909"]
[PlyCount "102"]
[EventDate "2015.??.??"]

1. d4 f5 2. c4 Nf6 3. Nf3 e6 4. Nc3 Bb4 5. Bd2 b6 6. g3 Bb7 7. Bg2 O-O 8. O-O
c5 9. d5 Bxc3 10. Bxc3 Ne4 11. Rc1 d6 12. dxe6 Qe7 13. Qd3 Nxc3 14. Rxc3 Be4
15. Qd2 Nc6 16. Rd1 Rad8 17. Ng5 Bxg2 18. Kxg2 Nd4 19. e3 Nxe6 20. Qd5 Rf6 21.
Rcd3 h6 22. Nxe6 Qxe6 23. Qxe6+ Rxe6 24. a4 Kf7 25. a5 bxa5 26. Rd5 Rb8 27.
Rxf5+ Ke7 28. Ra1 Rxb2 29. Rxa5 Rb7 30. Kf3 Rf6 31. Ke4 Ke6 32. Rxf6+ gxf6 33.
g4 h5 34. h3 hxg4 35. hxg4 Rb4 36. Kd3 Rb3+ 37. Kc2 Rb4 38. Kc3 Rb7 39. Ra6 Rd7
40. f3 Rb7 41. Ra3 Ke5 42. Kd3 Rg7 43. Rb3 a5 44. Rb8 Ke6 45. Ra8 Rb7 46. Rxa5
Rb3+ 47. Kd2 Rb2+ 48. Kc3 Rf2 49. f4 Rg2 50. f5+ Ke5 51. Ra8 Rxg4 1/2-1/2

[Event "Mechanics' Fall TNM; G/2"]
[Site "San Francisco"]
[Date "2015.10.20"]
[Round "1.8"]
[White "Ke, Ivan"]
[Black "Paquette, James"]
[Result "1-0"]
[WhiteElo "2112"]
[BlackElo "1612"]
[Annotator "Donaldson"]
[PlyCount "67"]
[EventDate "2015.??.??"]

1. d4 g6 2. c4 Bg7 3. Nc3 c5 4. e3 Qa5 5. Nf3 d6 6. Bd2 Nf6 7. Be2 O-O 8. O-O
Qd8 9. Rc1 Bf5 10. Qb3 b6 11. Rfd1 Nc6 12. Be1 Qd7 13. a3 Ne4 14. Nxe4 Bxe4 15.
Ng5 Qf5 $4 (15... Bf5) 16. Nxe4 Qxe4 17. Bf3 Na5 18. Bxa5 Qh4 19. g3 Qf6 20.
Bxa8 Rxa8 21. Bc3 Qf3 22. dxc5 dxc5 23. Bxg7 Kxg7 24. Qc3+ Kg8 25. Rd7 h5 26.
Rcd1 Kh7 27. Rd8 f6 28. Qd3 Rxd8 29. Qxd8 h4 30. Qxe7+ Kh6 31. Qf8+ Kg5 32.
Rd5+ Kg4 33. Qh8 hxg3 34. h3# 1-0

[Event "Mechanics' Summer TNM; G/2"]
[Site "San Francisco"]
[Date "2015.05.26"]
[Round "1.18"]
[White "Khristoforov, Serg"]
[Black "Simpkins, Jerry"]
[Result "1/2-1/2"]
[WhiteElo "1948"]
[BlackElo "1504"]
[Annotator "Donaldson"]
[PlyCount "74"]
[EventDate "2015.??.??"]

1. d4 d5 2. c4 e6 3. Nc3 c5 4. e3 Nf6 5. Nf3 Nc6 6. Be2 cxd4 7. exd4 Bb4 8. O-O
Bxc3 $6 (8... O-O) 9. bxc3 Ne4 10. Qc2 O-O 11. Bd3 f5 12. Ba3 Rf7 13. Nd2 (13.
cxd5 exd5 14. c4 {opening the position for the two bishops looks more natural.}
) 13... Qg5 14. Rad1 Na5 15. cxd5 exd5 16. Bc1 Qe7 17. Rfe1 Be6 18. f3 Nxd2 19.
Bxd2 Qf6 20. Bf4 Nc6 21. Re2 Rc8 22. Qb2 g5 23. Bg3 f4 24. Bf2 g4 (24... Bf5 {
planning to trade bishops and plant a knight on c4 was another approach.}) 25.
Rde1 Bf5 26. Bxf5 Qxf5 27. fxg4 Qxg4 28. Re8+ Rxe8 29. Rxe8+ Kg7 30. h3 Qd1+
31. Re1 Qd3 32. Qe2 Qxc3 $2 (32... Qxe2 33. Rxe2 f3 $11) 33. Qg4+ Kf8 34. Qc8+
Kg7 35. Qg4+ Kf8 36. Qc8+ Kg7 {Diagram #} 37. Qg4+ $2 (37. Re8 $1 Qa1+ 38. Kh2
Ne7 39. Qxb7 $18) 37... Kf8 1/2-1/2

[Event "Mechanics' Spring TNM; G/2"]
[Site "San Francisco"]
[Date "2015.03.17"]
[Round "1.16"]
[White "Khristoforov, Sergey"]
[Black "Brown, Nicholas"]
[Result "1-0"]
[WhiteElo "1977"]
[BlackElo "1484"]
[PlyCount "55"]
[EventDate "2015.??.??"]

1. d4 d5 2. c4 c6 3. Nc3 Nf6 4. Nf3 e6 5. Bg5 Nbd7 6. e3 Be7 7. Bd3 dxc4 8.
Bxc4 O-O 9. O-O b5 10. Bd3 a6 11. Re1 Bb7 12. Ne4 Rc8 13. Nc5 Nxc5 14. dxc5 Nd7
15. Bxe7 Qxe7 16. Qc2 Nf6 17. Nd4 Rc7 18. Be4 Nxe4 19. Qxe4 Qf6 20. b4 e5 21.
Nf3 Re8 22. Red1 Rce7 23. Rd6 Re6 24. Rad1 g6 25. a3 Qf5 26. Qxf5 gxf5 27. Rxe6
Rxe6 28. Rd7 1-0

[Event "Mechanics' Summer TNM; G/2"]
[Site "San Francisco"]
[Date "2015.06.30"]
[Round "6.13"]
[White "Khristoforov, Sergey"]
[Black "Stuetzel, Ezra G"]
[Result "1/2-1/2"]
[WhiteElo "1948"]
[BlackElo "1549"]
[PlyCount "72"]
[EventDate "2015.??.??"]

1. d4 d5 2. c4 Nf6 3. Nc3 dxc4 4. e3 Bg4 5. Qa4+ c6 6. Qxc4 Nbd7 7. h3 Bh5 8.
Bd3 e6 9. Nge2 Be7 10. O-O O-O 11. Nf4 Rc8 12. Nxh5 Nxh5 13. Be2 Nhf6 14. Rd1
b5 15. Qd3 Qc7 16. a3 Rfd8 17. e4 a5 18. e5 Nxe5 19. Qg3 Ng6 20. Qxc7 Rxc7 21.
Be3 Nd5 22. Nxd5 exd5 23. Rac1 Bd6 24. Bd2 b4 25. axb4 axb4 26. Ra1 Nf4 27. Bf3
Ne6 28. Be1 g6 29. Ra4 Rb8 30. Ra6 Kf8 31. Bxd5 cxd5 32. Rxd6 Rb5 33. b3 Ra7
34. Kh2 Ra3 35. Rd3 Nf4 36. Re3 Ne6 1/2-1/2

[Event "Mechanics' Spring TNM; G/2"]
[Site "San Francisco"]
[Date "2015.04.28"]
[Round "7.4"]
[White "Khristoforov, Sergey"]
[Black "Traub, Igor"]
[Result "1/2-1/2"]
[WhiteElo "1977"]
[BlackElo "2073"]
[Annotator "Winslow,Elliott"]
[PlyCount "80"]
[EventDate "2015.??.??"]

1. d4 d5 2. c4 c6 3. Nf3 Nf6 4. Nc3 g6 5. e3 Bg7 6. Be2 O-O 7. O-O Nbd7 8. b3
Qa5 9. Bb2 Ne4 10. Nxe4 dxe4 11. Nd2 f5 12. a3 c5 13. b4 Qc7 14. Nb3 b6 15. Qc2
e5 16. d5 Qd6 17. bxc5 Nxc5 18. a4 Bd7 19. Nxc5 bxc5 20. Ba3 f4 21. Rfb1 Bh6
22. exf4 exf4 23. Rb7 f3 24. Bd1 Bc8 25. Rb5 Qf6 26. Bb2 Qg5 27. g3 e3 28. Qc3
exf2+ 29. Kxf2 Qd2+ 30. Qxd2 Bxd2 {Diagram [#]} 31. Rxc5 $4 (31. Bxf3 Bg4 32.
Ra3 $16 Rae8 33. Kg2 Bxf3+ 34. Rxf3 Re2+ 35. Kf1 Rxh2 36. Rxf8+ Kxf8 37. Rxc5)
31... Be1+ $3 32. Ke3 f2 33. Be2 Re8+ 34. Kf3 Rxe2 $4 (34... Bg4+ $1) 35. Rxc8+
Rxc8 36. Kxe2 Rxc4 37. Rc1 Rxa4 38. d6 Kf8 39. d7 Ke7 40. Rd1 Ba5 1/2-1/2

[Event "Mechanics' Spring TNM; G/2"]
[Site "San Francisco"]
[Date "2015.04.14"]
[Round "5.6"]
[White "Khristoforov, Sergey"]
[Black "Tsodikova, Natalya"]
[Result "1-0"]
[WhiteElo "1977"]
[BlackElo "2175"]
[PlyCount "43"]
[EventDate "2015.??.??"]

1. d4 Nf6 2. c4 g6 3. Nc3 Bg7 4. e4 d6 5. f3 O-O 6. Be3 Nc6 7. Qd2 a6 8. O-O-O
e5 9. d5 Ne7 10. g4 h5 11. h3 Bd7 12. Kb1 Qb8 13. a4 b5 14. cxb5 axb5 15. Bxb5
Bxb5 16. axb5 Nc8 17. Bg5 Nb6 18. Bxf6 Bxf6 19. gxh5 g5 20. h4 gxh4 21. Nh3 Qd8
22. Qh6 1-0

[Event "Mechanics' Spring TNM; G/2"]
[Site "San Francisco"]
[Date "2015.03.31"]
[Round "3.4"]
[White "Khristoforov, Sergey"]
[Black "Vickers, Keith"]
[Result "0-1"]
[WhiteElo "1977"]
[BlackElo "2200"]
[PlyCount "94"]
[EventDate "2015.??.??"]

1. d4 d5 2. c4 c6 3. Nc3 Nf6 4. Nf3 g6 5. Bf4 dxc4 6. a4 Nd5 7. Be5 f6 8. Bxb8
Rxb8 9. e4 Nxc3 10. bxc3 Qa5 11. Qc2 Be6 12. Nd2 b5 13. Rb1 Qc7 14. d5 cxd5 15.
Rxb5 Rxb5 16. axb5 Bh6 17. Nf3 O-O 18. Be2 Qb7 19. Nd4 Bf7 20. Bf3 e5 21. Nc6
dxe4 22. Qxe4 Qxb5 23. O-O Bg7 24. Nxa7 Qc5 25. Ra1 f5 26. Qc6 Qxc6 27. Bxc6 e4
28. Nb5 Rd8 29. Ra8 Rxa8 30. Bxa8 Kf8 31. Bc6 Ke7 32. Kf1 Be5 33. h3 Be6 34.
Ke2 Bd7 35. Bxd7 Kxd7 36. Na3 Bxc3 37. Nxc4 Bd4 38. Nd2 Ke6 39. Nf1 Ke5 40. Nh2
g5 41. Nf1 h6 42. Nh2 h5 43. Nf1 f4 44. Nh2 Kf5 45. Nf1 g4 46. hxg4+ hxg4 47.
Nh2 {Diagram [#]} Bxf2 $1 0-1

[Event "Mechanics' Winter TNM; 30/90, SD/30"]
[Site "San Francisco"]
[Date "2015.01.27"]
[Round "4.10"]
[White "Khristofurov, Sergey"]
[Black "Clemens, Kristian"]
[Result "1/2-1/2"]
[WhiteElo "1977"]
[BlackElo "1826"]
[PlyCount "79"]
[EventDate "2015.??.??"]

1. d4 d5 2. c4 e6 3. Nc3 Nf6 4. Bg5 Be7 5. e3 O-O 6. Nf3 Nbd7 7. Bd3 dxc4 8.
Bxc4 Nb6 9. Bd3 c5 10. dxc5 Nbd5 11. Nxd5 Nxd5 12. Bxe7 Qxe7 13. Rc1 Re8 14. a3
e5 15. Qc2 Nf6 16. Ng5 h6 17. Ne4 Nxe4 18. Bxe4 Be6 19. O-O Rac8 20. b4 Rc7 21.
Rfd1 Rd7 22. c6 bxc6 23. Bxc6 Rc8 24. Qa4 Rdc7 25. Rc5 a5 26. Rdc1 axb4 27.
axb4 Ra7 28. Ra5 Rxa5 29. Qxa5 Qd6 30. b5 Bd7 31. Qc3 Kf8 32. Qc2 Bxc6 33. bxc6
Ke7 34. h3 Rc7 35. Qe4 g6 36. Qh4+ Ke6 37. Qg4+ Ke7 38. Qh4+ Ke6 39. Qg4+ Ke7
40. Qh4+ 1/2-1/2

[Event "Mechanics' Winter TNM; 30/90, SD/30"]
[Site "San Francisco"]
[Date "2015.02.17"]
[Round "7.12"]
[White "Khristofurov, Sergey"]
[Black "Ebert, John"]
[Result "1/2-1/2"]
[WhiteElo "1977"]
[BlackElo "1738"]
[Annotator "Donaldson"]
[PlyCount "80"]
[EventDate "2015.??.??"]

1. d4 e6 2. c4 Nf6 3. Nc3 Bb4 4. Qc2 b6 5. Bg5 (5. e4 $1) 5... Bb7 6. f3 h6 7.
Bh4 Nc6 8. Rd1 g5 9. Bf2 d5 10. e4 dxe4 11. fxe4 Ng4 12. d5 Nxf2 13. Qxf2 Bc5
14. Qd2 Ne5 15. Na4 Bd6 16. Nf3 Nxf3+ 17. gxf3 Qf6 18. dxe6 O-O-O 19. Qc3 Be5
20. Qb3 Rxd1+ 21. Qxd1 Rd8 22. Bd3 Qxe6 23. Qe2 Qd7 24. Bc2 Bf4 25. O-O Qd2 26.
Re1 Qd4+ 27. Kh1 Ba6 28. b3 Qe5 29. Rd1 Rd4 30. Nb2 Rxd1+ 31. Bxd1 Qd4 32. Nd3
Bd6 33. a4 f6 34. Kg2 Kd7 35. Bc2 Bb7 36. Qf2 Qc3 37. Qe2 Ke7 38. Bd1 Kf8 39.
Bc2 Kg7 40. Bd1 Kf8 1/2-1/2

[Event "Mechanics' Winter TNM; 30/90, SD/30"]
[Site "San Francisco"]
[Date "2015.01.13"]
[Round "2.21"]
[White "Khristofurov, Sergey"]
[Black "Matz, James"]
[Result "1/2-1/2"]
[WhiteElo "1977"]
[BlackElo "1734"]
[PlyCount "67"]
[EventDate "2015.??.??"]

1. d4 d5 2. Nf3 Nf6 3. c4 e6 4. Nc3 Nbd7 5. Bg5 Be7 6. e3 b6 7. Ne5 Nxe5 8.
dxe5 Nd7 9. Bxe7 Qxe7 10. cxd5 Nxe5 11. Bb5+ Bd7 12. dxe6 fxe6 13. Qh5+ Nf7 14.
Bxd7+ Qxd7 15. Rd1 Qc6 16. Qb5 Qxb5 17. Nxb5 Rc8 18. O-O Ke7 19. Nxa7 Ra8 20.
Nc6+ Kf6 21. a3 Nd8 22. Rc1 Nxc6 23. Rxc6 Rac8 24. Rfc1 Rhd8 25. Kf1 Rd2 26. b4
Ra2 27. Rxc7 Rd8 28. R1c2 Rxa3 29. Rb7 Rd6 30. b5 Rb3 31. Rc6 Rd2 32. g3 Rbb2
33. Rbxb6 Rxf2+ 34. Kg1 1/2-1/2

[Event "Mechanics' Winter TNM; 30/90, SD/30"]
[Site "San Francisco"]
[Date "2015.02.10"]
[Round "6.6"]
[White "Khristofurov, Sergey"]
[Black "Vickers, Keith"]
[Result "1/2-1/2"]
[WhiteElo "1977"]
[BlackElo "2200"]
[PlyCount "81"]
[EventDate "2015.??.??"]

1. d4 Nf6 2. c4 d6 3. Nc3 Nbd7 4. e4 e5 5. d5 Be7 6. Nf3 c5 7. Bd3 O-O 8. O-O
Ne8 9. a3 g6 10. Qc2 Ng7 11. Bh6 Nf6 12. h3 Kh8 13. b4 b6 14. bxc5 bxc5 15. Nd2
Ng8 16. Be3 g5 17. g4 Bf6 18. Ne2 Ne7 19. Ng3 Ng6 20. Rfb1 Nf4 21. Bf1 h5 22.
f3 Qc7 23. Nb3 Bd7 24. Nc1 Rab8 25. Nd3 h4 26. Ne2 Be7 27. Nc3 a6 28. Rxb8 Rxb8
29. Rb1 Rb6 30. Rxb6 Qxb6 31. Bc1 Ne8 32. Qb2 Bd8 33. Nxf4 Qxb2 34. Ng6+ Kg7
35. Bxb2 Kxg6 36. Kf2 Ba5 37. Ke3 Nc7 38. Bd3 Na8 39. Bc2 Nb6 40. Kd3 f6 41.
Bb3 1/2-1/2

[Event "Mechanics' Fall TNM; G/2"]
[Site "San Francisco"]
[Date "2015.12.01"]
[Round "7.21"]
[White "Kim, Isaiah Taeshi"]
[Black "Acharya, Venkatagiri"]
[Result "0-1"]
[WhiteElo "1550"]
[BlackElo "1686"]
[PlyCount "54"]
[EventDate "2015.??.??"]

1. e4 c5 2. Nc3 d6 3. g3 Nf6 4. Bg2 g6 5. d3 Bg7 6. Be3 Nc6 7. h3 O-O 8. Qd2
Rb8 9. Bh6 b5 10. Bxg7 Kxg7 11. Nge2 b4 12. Nd5 e5 13. h4 h5 14. Nxf6 Qxf6 15.
Bh3 Nd4 16. Nxd4 cxd4 17. Bxc8 Rfxc8 18. O-O-O b3 19. axb3 Rxb3 20. Kb1 Rb6 21.
f4 Rc5 22. b3 Qe6 23. f5 Qc8 24. Rh2 Ra6 25. Qg5 Rca5 26. f6+ Kh7 27. Kc1 Qc3
0-1

[Event "Mechanics' Fall TNM; G/2"]
[Site "San Francisco"]
[Date "2015.11.17"]
[Round "5.22"]
[White "Kim, Isaiah Taeshi"]
[Black "Alzhin, Leonid"]
[Result "0-1"]
[WhiteElo "1550"]
[BlackElo "1763"]
[Annotator "Donaldson"]
[PlyCount "50"]
[EventDate "2015.??.??"]

1. e4 e5 2. Nf3 Nc6 3. Bb5 d6 4. d4 exd4 5. Nxd4 Bd7 6. Nxc6 bxc6 7. Ba4 Nf6 8.
Nc3 Be7 9. Bf4 O-O 10. O-O Re8 11. Bb3 Ng4 12. h3 Ne5 13. Bxe5 dxe5 14. Qh5 g6
15. Qxe5 Bd6 16. Qd4 {Diagram #} Bxh3 $1 17. e5 $2 (17. gxh3 $4 Bh2+) (17. Qe3
$11) 17... Qg5 18. Qe4 Rxe5 19. Qf3 Bf5 20. Rad1 Re7 21. Qxc6 Rae8 22. Bd5 Bg4
23. Rd3 Kg7 24. Bf3 Bf5 25. Rd5 Qf4 0-1

[Event "Mechanics' Fall TNM; G/2"]
[Site "San Francisco"]
[Date "2015.10.20"]
[Round "1.36"]
[White "Kim, Isaiah Taeshi"]
[Black "Bertot, German"]
[Result "1-0"]
[WhiteElo "1550"]
[BlackElo "1601"]
[Annotator "Donaldson"]
[PlyCount "63"]
[EventDate "2015.??.??"]

1. e4 e5 2. Nf3 Nc6 3. Bb5 a6 4. Ba4 Nf6 5. O-O b5 6. Bb3 Be7 7. Re1 d6 8. c3
Bg4 (8... O-O 9. d4 Bg4 {when the bishop pressures d4.}) 9. a4 O-O 10. d3 Qc8
11. Nbd2 Na5 12. Bc2 c5 13. Nf1 Nc6 14. h3 Bh5 15. Ng3 Bg6 16. axb5 axb5 17.
Rxa8 Qxa8 18. d4 exd4 19. cxd4 Rd8 20. d5 Ne5 21. Nh4 Nfd7 22. Nhf5 Bf8 23. f4
Nc4 24. b3 Na3 25. Bxa3 Qxa3 26. e5 dxe5 27. fxe5 c4 28. bxc4 bxc4 29. e6 Bc5+
30. Kh1 fxe6 31. dxe6 Bxf5 32. Nxf5 1-0

[Event "Mechanics' Leighton Allen TNM; G/2"]
[Site "San Francisco"]
[Date "2015.09.29"]
[Round "9.31"]
[White "Kim, Isaiah Taeshi"]
[Black "Nergui, Myagmar"]
[Result "1-0"]
[WhiteElo "1550"]
[BlackElo "1236"]
[PlyCount "79"]
[EventDate "2015.??.??"]

1. e4 e5 2. Nf3 Nc6 3. Bb5 Nge7 4. O-O Ng6 5. Re1 Bc5 6. c3 O-O 7. d4 exd4 8.
cxd4 Bb6 9. Nc3 a6 10. Ba4 d6 11. h3 Bd7 12. Bg5 Qc8 13. Nd5 h6 14. Nxb6 cxb6
15. Bd2 b5 16. Bb3 Kh8 17. Rc1 Qd8 18. e5 dxe5 19. d5 Nce7 20. Nxe5 Nxe5 21.
Rxe5 Ng6 22. Re3 Rc8 23. Rxc8 Bxc8 24. Bb4 Re8 25. d6 a5 26. Rxe8+ Qxe8 27.
Bxa5 Bd7 28. Bc3 f6 29. Qd5 Nf4 30. Qf7 Ne2+ 31. Kh2 Nxc3 32. Qxe8+ Bxe8 33.
bxc3 Bd7 34. Kg3 g5 35. f4 Kg7 36. fxg5 fxg5 37. Bd1 Kf6 38. Bg4 Bxg4 39. Kxg4
Ke6 40. Kh5 1-0

[Event "Mechanics' Fall TNM; G/2"]
[Site "San Francisco"]
[Date "2015.11.03"]
[Round "3.15"]
[White "Kim, Isaiah Taeshi"]
[Black "Walder, Michael S"]
[Result "0-1"]
[WhiteElo "1550"]
[BlackElo "2113"]
[PlyCount "72"]
[EventDate "2015.??.??"]

1. e4 c5 2. Nc3 Nc6 3. Bb5 g6 4. Nge2 Bg7 5. Bxc6 dxc6 6. d3 Nf6 7. Be3 b6 8.
h3 O-O 9. Qd2 Ne8 10. Bh6 e5 11. Bxg7 Nxg7 12. g4 Qh4 13. O-O-O Ne6 14. f4 f6
15. Rdf1 Ba6 16. Ng1 $4 Nxf4 17. Nce2 Nxe2+ 18. Qxe2 Qh6+ 19. Kb1 Qg7 20. h4
Rad8 21. Nf3 Bc8 22. Rfg1 h6 23. Qh2 Rfe8 24. Qg3 Be6 25. b3 Bf7 26. Rh2 a5 27.
g5 a4 28. gxh6 Qxh6 29. h5 g5 30. Nh4 axb3 31. axb3 Ra8 32. Nf5 Qf8 33. h6 Kh7
34. Qg4 {Diagram [#]} c4 $1 35. Kc1 cxb3 36. Nh4 b2+ 0-1

[Event "Mechanics' Fall TNM; G/2"]
[Site "San Francisco"]
[Date "2015.12.15"]
[Round "9.18"]
[White "Kim, Isaiah Taeshik"]
[Black "Standen, Julian"]
[Result "1-0"]
[WhiteElo "1550"]
[BlackElo "1674"]
[Annotator "Donaldson"]
[PlyCount "53"]
[EventDate "2015.??.??"]

1. e4 d5 2. exd5 Qxd5 3. Nc3 Qa5 4. g3 Nf6 5. Bg2 c6 6. Nge2 Bg4 7. b4 Qc7 8.
b5 e6 9. bxc6 Nxc6 10. Nb5 Qd7 11. Bb2 Be7 12. Rb1 O-O 13. h3 Bh5 14. O-O Rad8
15. g4 Bg6 16. Nbd4 Bc5 17. Nxc6 bxc6 18. Bxf6 gxf6 19. d3 e5 20. Ng3 Qd6 21.
h4 h6 22. h5 Bh7 23. Be4 Qe6 24. Bf5 Qe7 25. Qd2 Rd4 26. Ne4 Bxf5 27. gxf5 {
White has a clear advantage and went on to win. The remaining moves are
unavailable.} 1-0

[Event "Mechanics' Spring TNM; G/2"]
[Site "San Francisco"]
[Date "2015.04.28"]
[Round "7.11"]
[White "Klinetobe, David"]
[Black "Abraham, Renjish"]
[Result "0-1"]
[WhiteElo "2008"]
[BlackElo "1837"]
[PlyCount "92"]
[EventDate "2015.??.??"]

1. e4 c5 2. Nf3 d6 3. d4 cxd4 4. Nxd4 Nf6 5. Nc3 a6 6. Be3 e6 7. Be2 Be7 8. O-O
O-O 9. f4 Qc7 10. a4 Nbd7 11. Qe1 Re8 12. Qg3 g6 13. f5 e5 14. fxg6 hxg6 15.
Nf5 Nc5 16. Nh6+ Kg7 17. Nf5+ Bxf5 18. exf5 Nce4 19. Nxe4 Nxe4 20. Qf3 Nf6 21.
g4 Bd8 22. g5 Nh5 23. f6+ Kh7 24. Qh3 Rh8 25. Ra3 Kg8 26. Rc3 Nf4 27. Qg4 Nxe2+
28. Qxe2 Qd7 29. Bd2 Bb6+ 30. Be3 Ba5 31. Rc4 d5 32. Rg4 d4 33. Bf2 Bc7 34. Qe4
Rb8 35. Rh4 Rxh4 36. Qxh4 Bd6 37. Be1 Qc6 38. Qg4 Bc5 39. Bf2 e4 40. Qh4 e3 41.
b4 exf2+ 42. Rxf2 Bxb4 43. Qh3 d3 44. cxd3 Qc1+ 45. Kg2 Qxg5+ 46. Kf1 Re8 0-1

[Event "Mechanics' Fall TNM; G/2"]
[Site "San Francisco"]
[Date "2015.12.08"]
[Round "8.11"]
[White "Klinetobe, David"]
[Black "Babayan, Gagik"]
[Result "0-1"]
[WhiteElo "2000"]
[BlackElo "1781"]
[Annotator "Donaldson"]
[PlyCount "118"]
[EventDate "2015.??.??"]

1. e4 e5 2. Nf3 Nc6 3. Bb5 a6 4. Ba4 Nf6 5. O-O Be7 6. Re1 b5 7. Bb3 d6 8. c3
O-O 9. h3 Na5 10. Bc2 c5 11. d4 Qc7 12. Nbd2 cxd4 13. cxd4 Nc6 14. Nb3 h6 15.
Be3 Bb7 16. Rc1 Nd7 17. Bb1 Qd8 18. Nbd2 Rc8 19. Nf1 Kh7 20. Qd2 Qa5 21. Qd1
Rfe8 22. Ng3 g6 23. Qb3 Nd8 24. Bd2 Qb6 25. Qe3 Bf8 26. Qd3 Ne6 27. Be3 Qa5 28.
h4 h5 29. Qe2 Bg7 30. d5 Nef8 31. Ng5+ Kg8 32. Bd2 Qd8 33. Bb4 Qb6 34. Qf3 Nf6
35. Qa3 Ng4 36. Qf3 Re7 37. Nf1 a5 38. Bd2 Nd7 39. Ne3 Nxe3 40. Bxe3 Nc5 41. g4
hxg4 42. Qxg4 Qd8 43. h5 Qd7 44. Qh4 f6 {Diagram #} 45. Ne6 $2 (45. hxg6 $1
fxg5 46. Bxg5 Ree8 (46... Bf8 47. Rc3 Rg7 48. Rh3) 47. Qh7+ Kf8 48. Rc3 $18)
45... Nxe6 46. dxe6 Qxe6 $2 (46... Qe8) 47. hxg6 Rec7 48. Rxc7 (48. Qh7+ Kf8
49. f3 (49. Rcd1) 49... d5 50. Qh4 $2 (50. Bh6) 50... d4 51. Bd2 b4 52. a3 Qb3
53. Qh3 $2 (53. Rxc7 Rxc7 54. Bh6)) 48... Rxc7 49. Qh7+ (49. Bb6 Rc4 50. Bxa5
$18) 49... Kf8 50. f3 d5 51. Qh4 (51. Bh6) 51... d4 52. Bd2 b4 53. a3 Qb3 54.
Qh3 $2 (54. Bh6) 54... Bc8 55. Qh7 $2 Rc5 56. axb4 axb4 57. Bxb4 $4 Qxb4 58.
Ba2 Qxe1+ 59. Kg2 Rc2# 0-1

[Event "Mechanics' Leighton Allen TNM; G/2"]
[Site "San Francisco"]
[Date "2015.09.01"]
[Round "5.4"]
[White "Klinetobe, David"]
[Black "Basak, Aniruddha"]
[Result "0-1"]
[WhiteElo "2000"]
[BlackElo "2165"]
[PlyCount "98"]
[EventDate "2015.??.??"]

1. e4 c5 2. Nf3 g6 3. d4 cxd4 4. Qxd4 Nf6 5. e5 Nc6 6. Qa4 Nd5 7. Qe4 Nb6 8.
Nc3 d5 9. exd6 Bf5 10. Qf4 Qxd6 11. Nb5 Qxf4 12. Bxf4 O-O-O 13. c3 Bg7 14. Be3
Na4 15. Nxa7+ Nxa7 16. Bxa7 Nxb2 17. Nd4 Bd3 18. Bxd3 Nxd3+ 19. Ke2 Nf4+ 20.
Kf3 e5 21. Ne2 Rd3+ 22. Be3 Rhd8 23. Nxf4 exf4 24. Kxf4 Bh6+ 25. Kf3 Bxe3 26.
fxe3 Re8 27. Rhe1 Rxc3 28. Rac1 Rexe3+ 29. Kf2 Kd7 30. Rxe3 Rxc1 31. Rb3 Kc6
32. a3 b5 33. Rf3 f5 34. Rh3 Rc2+ 35. Kf1 Ra2 36. Rxh7 Rxa3 37. Rh6 Re3 38.
Rxg6+ Kc5 39. h4 b4 40. h5 b3 41. Rg8 Re6 42. Rb8 Rb6 43. Rc8+ Kb4 44. Rc1 b2
45. Rb1 Ka3 46. Kf2 Rh6 47. Rh1 Rxh5 48. Rxh5 b1=Q 49. Rh7 Qc2+ {Black went on
to win in mutual time pressure (White was never able to bring his rook to f3
or h3.} 0-1

[Event "Mechanics' Fall TNM; G/2"]
[Site "San Francisco"]
[Date "2015.11.03"]
[Round "3.6"]
[White "Klinetobe, David"]
[Black "Byambaa, Uyanga"]
[Result "0-1"]
[WhiteElo "2000"]
[BlackElo "2204"]
[Annotator "Donaldson"]
[PlyCount "100"]
[EventDate "2015.??.??"]

1. e4 c5 2. Nf3 d6 3. d4 cxd4 4. Nxd4 Nf6 5. Nc3 g6 6. Bc4 Bg7 7. O-O O-O 8.
Re1 Nc6 9. Bb3 Bd7 10. Bg5 h6 11. Bh4 Rc8 12. Qd2 g5 13. Bg3 Nh5 14. Nxc6 bxc6
15. Rad1 Nxg3 16. hxg3 Be6 17. Qe3 Qa5 18. Rd3 c5 19. Bxe6 fxe6 20. Nd1 Rb8 21.
Ra3 Qc7 22. c3 Rf7 23. Qd3 c4 24. Qe2 d5 25. Ra6 Rb6 26. Rxb6 axb6 27. Qg4 Qe5
28. Ne3 b5 29. exd5 exd5 30. Nc2 Qf6 31. Qf3 Qg6 32. Qe2 e5 33. Nb4 Qd6 34. a4
Qc5 35. axb5 Qxb5 36. b3 Qc5 37. bxc4 dxc4 38. Qe3 Qd6 39. Qe2 Qe6 40. Rd1 e4
41. Nd5 Qf5 42. Ne3 Qc5 43. Nxc4 Bxc3 44. Qxe4 Qxf2+ 45. Kh2 Qf5 46. Rd8+ Kg7
47. Qa8 Qg4 48. Rg8+ Kh7 49. Rf8 $4 (49. Ne3) 49... Qh5+ 50. Kg1 Bd4+ 0-1